Case studies of navigational patterns in constructive hypertext (Record no. 63736)

MARC details
000 -CABECERA
campo de control de longitud fija 00585nam a2200205 a 4500
005 - FECHA Y HORA DE LA ÚLTIMA TRANSACCIÓN
campo de control 20210219152919.0
008 - ELEMENTOS DE LONGITUD FIJA--INFORMACIÓN GENERAL
campo de control de longitud fija 991125n 000 0 eng u
035 ## - NÚMERO DE CONTROL DEL SISTEMA
Número de control de sistema UPN01000066948
100 ## - ASIENTO PRINCIPAL--NOMBRE PERSONAL
Nombre de persona Horney, Mark A.
222 ## - TÍTULO CLAVE
Título clave COMPUTERS AND EDUCATION
245 ## - MENCIÓN DE TÍTULO
Título Case studies of navigational patterns in constructive hypertext
300 ## - DESCRIPCIÓN FÍSICA
Extensión 257-270
362 ## - FECHAS DE PUBLICACIÓN Y/O DESIGNACIÓN SECUENCIAL
Fecha de publicación y/o designación secuencial 1993 20, No. 3
505 ## - NOTA DE CONTENIDO CON FORMATO PREESTABLECIDO
Nota de contenido con formato Noviembre 1993
653 0# - TERMINO DE INDIZACION - NO CONTROLADO
Término no controlado AYUDAS DE LAS AUTORIDES EN PROGRAMACION
653 0# - TERMINO DE INDIZACION - NO CONTROLADO
Término no controlado HIPERMEDIA
653 0# - TERMINO DE INDIZACION - NO CONTROLADO
Término no controlado PROGRAMAS DE LA COMPUTADORA
904 ## - ELEMENTOS DE DATOS D LOCAL, LDD (RLIN)
a AC
b 004759
905 ## - TIPO DE MATERIAL
Tipo de material Articulo

No items available.